|
|
|
|
| LEADER |
00000cam a2200000 7i4500 |
| 001 |
0000010727 |
| 005 |
20090429.0 |
| 008 |
071030 |
| 020 |
|
|
|a 0152057684
|
| 090 |
0 |
0 |
|a NIC
|b ENG
|
| 100 |
1 |
|
|a Nicholson, William
|
| 245 |
1 |
0 |
|a Seeker :
|b the first book of the noble warriors
|c William Nicholson
|
| 260 |
|
|
|a London :
|b Egmont ,
|c 2005
|
| 650 |
|
0 |
|a Conduct of life
|x fiction
|
| 650 |
|
0 |
|a Faith
|x fiction
|
| 650 |
|
0 |
|a Self realization
|x fiction
|
| 655 |
0 |
0 |
|a Fantasy
|
| 999 |
|
|
|a 0000997805
|b Book
|c Adult Collection
|e Perbadanan Perpustakaan Awam Johor
|
| 999 |
|
|
|a 0000997828
|b Book
|c Adult Collection
|e Perbadanan Perpustakaan Awam Johor
|
| 999 |
|
|
|a 0001055930
|b Book
|c Adult Collection
|e Perbadanan Perpustakaan Awam Johor
|